La renuncia a los derechos

Na minha lista:
Detalhes bibliográficos
Autor principal: Cano Martínez, José Ignacio (Author)
Formato: Livro
Idioma:espanhol
Publicado em: Barcelona Bosch 1986
Assuntos:
Tags: Adicionar Tag
Sem tags, seja o primeiro a adicionar uma tag!

MARC

LEADER 00000nam a2200000 a 4500
001 UCS1136
003 CL-VaPUC
008 970509e19860000SP |||||||||||||||||spa|d
082 0 4 |a 346.043  |b CAN  |2 21 
100 0 |a Cano Martínez, José Ignacio  |e author  |9 385272 
245 1 3 |a La renuncia a los derechos 
300 |a 327 p 
942 |c BK 
945 |d 19970509 00:00:00  |a cmena 
260 |a Barcelona  |b Bosch  |c 1986 
650 0 |a Propiedad   |9 255268 
650 7 |a RENUNCIA  |2 CL-VaPUC  |9 385273 
650 0 |a Bienes inmuebles   |9 359521 
650 0 |a Derecho civil  |9 255013 
650 0 |a Derecho privado  |9 258243 
650 0 |a Contratos  |9 255153 
650 0 |a Obligaciones   |9 255578 
650 0 |a Familias   |9 255641 
650 0 |a Responsabilidad contractual  |9 256720 
651 0 |a España  |9 254926 
583 |a last modification  |c 19970509 00:00:00  |k Rodrigo Vera 
999 |c 259239  |d 259237 
952 |0 0  |1 0  |4 0  |6 346_043000000000000_CAN_1986  |7 0  |8 A  |9 283881  |a BIBDER  |b BIBDER  |d 2019-11-19  |i 1844490  |l 1  |m 1  |o 346.043 CAN 1986  |p 1844490  |r 2024-06-28  |s 2024-06-24  |w 2019-11-19  |y BK  |k DER